000 00710nam a2200265 i 4500
001 C2-0150127
003 PPAK
005 20180727131913.0
008 980325s1995 my a|||| ||||| | may d
020 _a9676532223
040 _aPPAK
_beng
_cPPAK
_erda
082 0 4 _a899.233
_223
090 0 0 _a899.233
_bMOH
_dK
100 0 _aMohd. Kasim Mahmud,
_eauthor
245 1 0 _aRaja singa
264 1 _aShah Alam, Selangor :
_bFajar Bakti ,
_c1995
300 _a45 pages :
_billustrations ;
_c22 cm
336 _2rdacontent
_atext
337 _2rdamedia
_aunmediated
338 _2rdacarrier
_avolume
490 1 _aSiri Kaloi
650 1 0 _aChildren's stories, Malay
830 0 _aSiri Kaloi
942 _ddc
_cB
999 _c47388
_d47388